000 00316nam a22001337a 4500
008 170228b xxu||||| |||| 00| 0 eng d
020 _a9780781772075
041 _aeng
080 _28 ED
_a616.8 006
100 _a6
101 _aSHM
245 _aCANCER PRINCIPLES PRACTICE ONCOLOGY
_cDEVITA.T. V
942 _2udc
_cBK
999 _c6398
_d6398